Supervisory Districts of New Providence (Bahamas) With a Map - Statistics

General Stats
  • This quiz has been taken 184 times
  • The average score is 8 of 24
Answers on the Map
Answers color-coded by a green-red scale on the quiz's map according to % correct below.
 
Answer Stats
District % Correct
Nassau Village
87%
Killarney
42%
Southern Shores
39%
Carmichael
37%
Elizabeth
37%
Golden Isles
37%
South Beach
37%
St. Anne's
37%
Yamacraw
37%
Golden Gates
34%
Bamboo Town
32%
Centreville
32%
Fort Charlotte
32%
Freetown
32%
Pinewood
32%
St. Barnabas
32%
Tall Pines
32%
Bain and Grants Town
29%
Englerston
29%
Fox Hill
29%
Garden Hills
29%
Marathon
29%
Mount Moriah
29%
Sea Breeze
29%
No matching quizzes found
Score Distribution
Percent of People with Each Score
Percentile by Number Answered
Your Score History
You have not taken this quiz